000 01438cam a22003614i 4500
003 PE-LiUPU
005 20250731175632.0
008 150625s r 000 0 d
035 _a(Sirsi) a34741
040 _aPE-LiUPU
_bspa
_cPE-LiUPU
_erda
082 0 4 _a413.028
_bB18
_221
100 1 _aBallón Aguirre, Enrique,
_eautor.
245 1 0 _aVocabulario razonado de la actividad agraria andina /
_cEnrique Ballón Aguirre.
264 1 _aCuzco :
_bBartolome de las casas,
_c1992.
300 _a301 páginas ;
_c24.5 cm.
336 _atext
_2rdacontent
337 _aunmediated
_2rdamedia
338 _avolume
_2rdacarrier
505 0 _aFuentes de estudio y corpus: Los procedimientos de investigacion. El corpus: definiciones. -Hacia una sistematizacion del vocabulario agrario-quechua: -axiomas de base. - La representacion semantica.
526 _aP145
526 _aP127
526 _aP97
526 _aP35
526 _aP14
526 _aP07
650 0 4 _aAgronomía
_zPerú
_vDiccionarios.
910 _a
942 _2ddc
_cBOOK
949 _a413.028 B18
_wDEWEY
_c1
_i39082
_lCCODEBUL1
_mBUL
_p00.00
_r0
_sY
_tBOOK
_u2015-06-25
_xBIBLIOTECA
_zUNKNOWN
_0COMPRA
_o.STAFF. Colección General
596 _a1
999 _a413.028 B18
_wDEWEY
_c42631
_i39082
_f2021-11-5
_g5
_lCCODEBUL1
_mBUL
_r0
_sN
_tBOOK
_u2015-6-25
_xBIBLIOTECA
_zUNKNOWN
_0COMPRA
_o.STAFF. Colección General
_d42631
980 _81
_gALBERTO SANCHEZ Responsable de Automatización